| 000 | 00421nam a2200181Ia 4500 | ||
|---|---|---|---|
| 005 | 20250423095500.0 | ||
| 008 | 250422s9999 xx 000 0 und d | ||
| 020 | _a9789351119975 | ||
| 050 | _aTP 754 .S56/ | ||
| 100 | _aSingla, Somesh | ||
| 245 | 0 | _aGas purification | |
| 260 | _aNew Delhi | ||
| 260 | _bRandom Publications | ||
| 260 | _c2017 | ||
| 300 | _a278 p | ||
| 650 | _aGases--Purification. | ||
| 942 | _cBK | ||
| 999 |
_c30405 _d30405 |
||